000 00647nam a2200241Ia 4500
003 OSt
005 20221005085505.0
006 a|||||r|||| 00| 0
007 ta
008 221004b |||||||| |||| 00| 0 eng d
024 _a28195
037 _cTextual
040 _aCRL
_cCRL
_beng
041 _2eng
_aeng
082 _aD65,8(B)0bT9(Y4), M4
100 _aSpencer Donald D
_9425985
245 0 _aGuide to computer careers
260 _aNew York
_bFree Press UK
_c1984
300 _a147p
_ccm.
650 _aENGINEERING
942 _hD65,8(B)0bT9(Y4), M4
_cTEXL
_2cc
999 _c994313
_d994313